Hábitat y financiación una estrategia para la lucha contra la pobreza (Registro nro. 164385)

Detalles MARC
000 -ENCABEZADO
Número de control [NR] 01042 a2200253 4500
008 - DE LONGITUD FIJA DE DATOS DE ELEMENTOS - INFORMACIÓN GENERAL
Elementos de longitud fija [NR] 130821s2007 ck a gr spa
020 ## - NUMERO INTERNACIONAL NORMALIZADO PARA LIBROS [R]
Número Internacional Normalizado del libro [NR] 9789211319125
040 ## - FUENTE DE CATALOGACION [NR]
Quien Cataloga
Quien Clasifica
041 00 - CODIGO DE IDIOMA [R]
Código de idioma para texto/pista de sonido o título separado [R] Español
082 04 - NUMERO DE CLASIFICACION DECIMAL DEWEY [R]
Número de la edición [NR] 20
Número de clasificación [R] 363.585
245 00 - MENCION DE TITULO [NR]
Título [NR] Hábitat y financiación una estrategia para la lucha contra la pobreza
Mención de responsabilidad, etc. [NR] UN-Hábitat ...[y otros].
260 ## - PUBLICACION, DISTRIBUCION, ETC. (PIE DE IMPRENTA) [R]
Lugar de publicación, distribución, etc. [R] Bogotá (Colombia)
Nombre del editor, distribuidor, etc. [R] Javegraf
Fecha de publicación, distribución, etc. [R] 2007
300 ## - DESCRIPCION FISICA [R]
Extensión [R] 322 páginas
Otros detalles físicos [NR] ilustraciones, gráficas
Material acompañante [NR] CD-ROM
504 ## - NOTA DE BIBLIOGRAFIA, ETC. [R]
Nota de bibliografía, etc. [NR] Incluye referencias bibliográficas e índices
650 ## - ASIENTO SECUNDARIO DE MATERIA - TERMINO TEMATICO [R]
Término temático o nombre geográfico como elemento de entrada [NR] Problemas sociales
9 (RLIN) 22324
650 #7 - ASIENTO SECUNDARIO DE MATERIA - TERMINO TEMATICO [R]
Término temático o nombre geográfico como elemento de entrada [NR] Pobreza
Subdivisión geográfica [R] Colombia
9 (RLIN) 27773
Subdivisión de forma [R] Proyectos
650 #7 - ASIENTO SECUNDARIO DE MATERIA - TERMINO TEMATICO [R]
Término temático o nombre geográfico como elemento de entrada [NR] Política de vivienda
Subdivisión geográfica [R] Colombia
9 (RLIN) 27773
650 #7 - ASIENTO SECUNDARIO DE MATERIA - TERMINO TEMATICO [R]
Término temático o nombre geográfico como elemento de entrada [NR] Vivienda popular
Subdivisión geográfica [R] Colombia
9 (RLIN) 73776
650 #7 - ASIENTO SECUNDARIO DE MATERIA - TERMINO TEMATICO [R]
Término temático o nombre geográfico como elemento de entrada [NR] Vivienda
Subdivisión general [R] Finanzas
9 (RLIN) 28976
Subdivisión geográfica [R] Colombia
710 1# - ASIENTO SECUNDARIO - NOMBRE CORPORATIVO [R]
Nombre corporativo o de jurisdicción como elemento de entrada [NR] Colombia
Unidad subordinada [R] Departamento Nacional de Planeación
9 (RLIN) 34135
710 1# - ASIENTO SECUNDARIO - NOMBRE CORPORATIVO [R]
Nombre corporativo o de jurisdicción como elemento de entrada [NR] Colombia
Unidad subordinada [R] Ministerio de Ambiente Vivienda y Desarrollo Territorial
9 (RLIN) 28625
710 2# - ASIENTO SECUNDARIO - NOMBRE CORPORATIVO [R]
Nombre corporativo o de jurisdicción como elemento de entrada [NR] UN-Hábitat
9 (RLIN) 68943
942 ## - ELEMENTOS DE ENTRADA AGREGADOS (KOHA)
Tipo de ítem principal el descrito en 300a Libro
Tema principal Ciencia política
Edición 1
Parte restante de la signatura top. H431
Sistema de clasificación DEWEY
Clasificación 363.585
Existencias
Suprimido Perdido Sistema de clasificación Dañado No prestable Tipo de ítem específico Ubicación habitual Ubicación actual Localización Fecha de creación Forma de adquisición Costo Volúmen / Fascículo Total préstamos Signatura topográfica Código de barras Última vez visto Ejemplar Price effective from Tipo de ítem Total Renewals Fecha de último préstamo
    DEWEY     CD-Rom Claustro Claustro Colección digital 07/02/2013 Donación 26000.00 CD-ROM   363.585 H431 100130106 10/12/2024 Ej.2 07/02/2013 Multimedia    
    DEWEY     Libro Claustro Claustro 2do piso 14/02/2013 Donación 26000.00   3 363.585 H431 100130107 05/12/2025 Ej.1 14/02/2013 Libro 3 15/09/2021